Combattants de Super Smash Bros #4ε : Samus sombre - Statistiques

Statistiques générales
  • Ce quiz a été pris 10 fois
    5 depuis la dernière actualisation
  • Le résultat moyen est 6 sur 14
Statistiques - réponses
Question Réponse % Correct
De quelle substance est composée Samus sombre ? Phazon
100%
Quelle créature a "créé" cette substance qui a permis à Samus sombre de "naître" ? Metroid Prime
80%
Dans quel jeu Samus sombre fait-elle sa première apparition ? Metroid Prime 2 : Echoes
80%
Dans quel jeu Samus sombre est-elle l'antagoniste principal ? Metroid Prime 3 : Corruption
80%
Quelle organisation a d'abord confondu Samus sombre avec Samus, puis a tenté de forger une alliance avec cette dernière après avoir découvert que ce n'était pas la même personne ? Les Pirates de l'espace
60%
Sur quelle planète a été créée Samus sombre ? Tallon IV
60%
Avant de devenir un combattant jouable dans Super Smash Bros. Ultimate, en quoi était représentée Samus sombre ? Trophée aide
60%
D'après l'un des scans dans le jeu, Samus sombre est inspirée de quelle combinaison de Samus ? Combinaison Varia
40%
Quel autre personnage de Metroid est un clone de Samus ? SA-X
40%
Malgré la grande variété de ses attaques, à quelle classe de combattants est-elle reléguée ? Combattant {écho}
20%
Par quel boss de Metroid : Zero Mission Samus sombre a-t-elle été inspirée ? Chozo Guardian | Ruins Test
0%
Sur quelle planète Samus a-t-elle rencontré Samus sombre pour la première fois ? Éther
0%
Face à quelle arme de Samus en particulier Samus sombre est-elle vulnérable ? Rayon sombre | Explosion sombre
0%
Les membres de cette organisation donnent quel surnom à Samus sombre ? The Dark Hunter
0%
Aucun quiz correspondant
Distribution des résultats
% des personnes avec chaque résultat
Percentile par nombre de réponses
Votre historique - résultats
Vous n’avez pas pris ce quiz depuis la dernière actualisation